Visualizzazione normale
Vista MARC
- Autiero Antonio (a cura di)
di Personal Name
Records bibliografici associati: 1
001 - CONTROL NUMBER
- control field: 58011
003 - CONTROL NUMBER IDENTIFIER
- control field:
005 - DATE AND TIME OF LATEST TRANSACTION
- control field: 20190805112607.0
008 - FIXED-LENGTH DATA ELEMENTS
- fixed length control field: 190805|| aca||aabn | a|a d
040 ## - CATALOGING SOURCE
- Original cataloging agency:
- Transcribing agency:
100 ## - HEADING--PERSONAL NAME
- Personal name: Autiero Antonio (a cura di)
670 ## - SOURCE DATA FOUND
- Source citation: Work cat.: (): Autiero Antonio (a cura di), Per una nuova cultura pastorale, 2019